000 00294nam a2200121Ia 4500
008 190216s9999||||xx |||||||||||||| ||und||
100 _aPurushotham Koushik
245 0 _aIndigenious Medicinal Palnts
260 _bTody And Tomorrow Pub
_c1988
300 _a243p
650 _aBotany
942 _cBK
999 _c1417
_d1417